Countries with the Most Sikhs - Statistics

General Stats
  • This quiz has been taken 41 times
  • The average score is 8 of 10
Answer Stats
Population Answer % Correct
20,833,116 India
100%
280,000 USA
94%
771,000 Canada
91%
520,000 UK
91%
210,000 Australia
85%
53,406 New Zealand
76%
52,000 UAE
67%
100,000 Malaysia
61%
70,000 Thailand
52%
220,000 Italy
45%
No matching quizzes found
Score Distribution
Percent of People with Each Score
Percentile by Number Answered
Your Score History
You have not taken this quiz